000 00320nam a22001457a 4500
008 230616b ||||| |||| 00| 0 eng d
020 _a9780321716811
041 _aeng
080 _2NINTH EDITION
_a51
082 _a51SUL
100 _a23
101 _aMATE
245 _aCOLLEGE ALGEBRA
_cSULLIVAN
942 _2udc
_cBK
999 _c59991
_d59991